| 000 | 00354nam a22001217a 4500 | ||
|---|---|---|---|
| 008 | 230620b xxu||||| |||| 00| 0 eng d | ||
| 082 |
_a323. _bEAHRI 2004 |
||
| 245 | _aThe East African Journal of Human Rights and Democracy | ||
| 260 |
_aKenya _bThe East African Human Rights Institute _c2004 |
||
| 300 | _a91p | ||
| 440 |
_n1 _v2 _x1686900X |
||
| 942 |
_2ddc _cBK |
||
| 999 |
_c1770 _d1770 |
||